00692nam a22001697a 4500082001700000100003500017245017600052264005000228300002100278520001100299650001800310650002200328700003800350942001300388999001900401952010200420 a621.312bHAM aHamza Mahmood (329043)9126316 aNonlinear Adaptive Barrier Integral Super Twisting Sliding Mode Control of Hybrid Energy Systems in Ship DC Microgrid: Modelling, Management, and Experimental Validation / aIslamabad :bUSPCAS-E, NUSTcSeptember, 2024. axiii, 50 p.e+CD aTH-582 aMS EEP Thesis aMS Thesis918721 aDr. Hassan Abdullah Khalid928912 2ddccTHE c612015d612015 00104070aCAS-EbCAS-Ed2024-10-08l0o621.312 HAMpCAS-ETH0000582r2024-10-08w2024-10-08yTHE